000 00545nam a22001937a 4500
005 20241213141234.0
008 241213b ||||| |||| 00| 0 eng d
040 _cAL
041 _aEnglish
082 _223
_a348.04
_bEASS
100 _aEastern Book Company
_9190796
245 _aSupreme Court Cases: Supplement Vol 4
260 _aLucknow
_bEastern Book Company
_c1993
300 _bHB
365 _a1061
_b₹959.52
_d₹1279.36
_e25%
650 _aLAW
_9190797
650 _aMode of Citation 1993 supp (4) SCC
_9190798
942 _2ddc
_cBI
999 _c232842
_d232842